Percy Jackson: The Lightning Thief - Statistics

General Stats
  • This quiz has been taken 383 times
  • The average score is 11 of 15
Answer Stats
Hint Answer % Correct
Percy's father Poseidon
97%
Annabeth's last name Chase
94%
Color of Sally Jackson's Cookies Blue
93%
The object that Percy must return to Zeus Lightning Bolt
92%
Traitor with a scar Luke
92%
The pine tree Thalia
91%
Author of the series Rick Riordan
89%
Half-human half-horse Centaur
88%
Grover's last name Underwood
88%
Half-human half-goat Satyr
85%
What Medusa calls herself Aunty Em
59%
First word in the book Look
59%
What Crusty sells Water Beds
49%
The toy Annabeth tames Cerberus with Red Rubber Ball
33%
The water nymph that speaks to Percy underwater Nereid
16%
No matching quizzes found
Score Distribution
Percent of People with Each Score
Percentile by Number Answered
Your Score History
You have not taken this quiz